| 000 | 02226nam a2200385 4500 | ||
|---|---|---|---|
| 001 | 13968 | ||
| 003 | http://catalogue.bnf.fr/ark:/12148/cb48635818q | ||
| 005 | 20251204163123.0 | ||
| 010 |
_a9782846817295 _d15 EUR |
||
| 073 | 0 | _a9782846817295 | |
| 090 | _a13968 | ||
| 099 | _o0 | ||
| 100 | _a20251029d2025 m y0frey50 ba | ||
| 101 | 0 | _afre | |
| 102 | _aFR | ||
| 105 | _a||||z 00||| | ||
| 181 | 0 |
_601 _ai _bxxxe |
|
| 181 |
_602 _ctxt _2rdacontent |
||
| 182 | 0 |
_601 _an |
|
| 182 |
_602 _cn _2rdamedia |
||
| 200 | 1 |
_aAu ciment la brume _bLIVR |
|
| 214 | 0 |
_cEditions Les Solitaires Intempestifs _d2025 |
|
| 214 | 3 | _cImpr. Présence graphique | |
| 214 | 0 | _aBesançon | |
| 214 | 3 | _a37-Monts | |
| 215 | _a1 vol. (200 p.) | ||
| 215 | _d20 cm | ||
| 225 | 1 | _aCollection bleue | |
| 323 | _a9 personnages | ||
| 330 | _aArthur, étudiant-journaliste, revient dans la petite ville-dortoir où vit sa mère Miriam pour enquêter sur d étranges disparitions survenues vingt ans plus tôt, lorsqu il était enfant. Selon lui, ces disparitions, et notamment celle de son père, seraient liées à l explosion d une centrale nucléaire implantée dans la forêt voisine. Arthur retrouve une population mutique, affaiblie, ainsi qu une jeunesse désSuvrée qui dérive, sans mémoire ni projets d avenir. Alors que le dôme recouvrant la centrale se fissure dans ses rêves, une brume émane de la terre. Une brume peuplée de fantômes. "Au ciment la brume" est ainsi une pièce sur la mélancolie. Le fantôme, c est la mélancolie qui prend forme humaine : c est le passé qui s impose dans le présent. Mais c'est aussi une pièce sur la réalité : la théorie d'Arthur n'est-elle qu'une affabulation ? À mesure que le temps passe, le passé s obscurcit, et il devient plus facile de le réinventer, dans un sens comme dans l'autre. Comment savoir, alors, quelle était la véritable histoire ? Et si on ne connaît pas notre passé, comment comprendre notre présent ? | ||
| 700 |
_aGirard-Michelotti _bNicolas |
||
| 700 | _cAuteur du texte | ||
| 801 | 0 |
_aFR _bFR-751131015 _c20251029 _gAFNOR _hFRBNF486358180000007 |
|
| 856 | 2 |
_u1130787 _bPremière de couverture |
|
| 856 | 2 |
_u1130951 _bQuatrième de couverture |
|